[Event "2R-LV-P.D.- San Viator - Calasanz: 1'5-2'5"]
[Site "Bergara"]
[Date "2017.01.21"]
[Round "2.1"]
[White "Villalta Bustillo, Igor"]
[Black "Knorr Jarrillo, Jose"]
[Result "1/2-1/2"]
[WhiteElo "2213"]
[BlackElo "2168"]
[PlyCount "84"]
[EventDate "2017.01.14"]

1. d4 Nf6 2. Nf3 g6 3. Bg5 Ne4 4. Bf4 Bg7 5. Nbd2 d5 6. e3 c5 7. c3 Nxd2 8.
Qxd2 cxd4 9. exd4 Nc6 10. Bb5 Qb6 11. a4 a6 12. Bxc6+ bxc6 13. O-O O-O 14. Rfe1
Re8 15. a5 Qb7 16. Ne5 Bf5 17. f3 f6 18. Nd3 Bxd3 19. Qxd3 e5 20. Bg3 Re7 21.
c4 Rae8 22. dxe5 fxe5 23. cxd5 cxd5 24. Rad1 e4 25. Qxd5+ Qxd5 26. Rxd5 Bxb2
27. Rxe4 Rxe4 28. fxe4 Rxe4 29. Rd6 Ra4 30. Rxa6 Bd4+ 31. Kf1 Ra2 32. Be1 Be3
33. Re6 Bd4 34. Rd6 Bc5 35. Rd2 Ra4 36. Ke2 h5 37. Rd5 Ra2+ 38. Kf3 Bg1 39. Bg3
Kf7 40. h3 Ra3+ 41. Kf4 g5+ 42. Kxg5 Rxg3+ 1/2-1/2

[Event "2R-LV-P.D.- San Viator - Calasanz: 1'5-2'5"]
[Site "Bergara"]
[Date "2017.01.21"]
[Round "2.1"]
[White "Pastor Pons, Carlos Luis"]
[Black "Albaina Alvarez, Alvaro"]
[Result "1/2-1/2"]
[WhiteElo "2147"]
[BlackElo "2054"]
[PlyCount "82"]
[EventDate "2017.01.14"]

1. e4 c5 2. Nc3 Nc6 3. f4 d6 4. Nf3 g6 5. Bb5 Bg7 6. Bxc6+ bxc6 7. h3 Qa5 8.
O-O e6 9. e5 d5 10. d3 c4 11. d4 Rb8 12. Ne2 Ne7 13. c3 c5 14. g4 Bd7 15. Rf2
Ba4 16. Qd2 O-O 17. Ng3 cxd4 18. Nxd4 Nc6 19. Nge2 Nxd4 20. Nxd4 Rfe8 21. Qe2
Bd7 22. a3 Rb7 23. h4 f6 24. h5 Qc7 25. hxg6 hxg6 26. Qc2 Kf7 27. Nf3 f5 28.
Ng5+ Ke7 29. Rh2 Qc5+ 30. Kf1 d4 31. Qf2 Bb5 32. a4 Ba6 33. b4 cxb3+ 34. Kg1
Qxc3 35. Bb2 Qe3 36. gxf5 gxf5 37. Bxd4 Qxf2+ 38. Kxf2 Rc8 39. Ke3 Rc2 40. Rh7
Kf8 41. Nxe6+ Kg8 {(Ilegible)} 1/2-1/2

[Event "2R-LV-P.D.- San Viator - Calasanz: 1'5-2'5"]
[Site "Bergara"]
[Date "2017.01.21"]
[Round "2.1"]
[White "Zubizarreta Riego, Mikel"]
[Black "Ochoa De Eribe Martinez, Daniel"]
[Result "0-1"]
[WhiteElo "1925"]
[BlackElo "2074"]
[PlyCount "95"]
[EventDate "2017.01.14"]

1. e4 c5 2. Nf3 e6 3. d3 Nc6 4. g3 g6 5. Bg2 Bg7 6. O-O d6 7. Nbd2 Nge7 8. a4
O-O 9. Nc4 d5 10. Ne3 Qc7 11. Nd2 Rd8 12. f4 b6 13. e5 Bb7 14. g4 Rac8 15. h4
c4 16. h5 cxd3 17. cxd3 Ba6 18. Nf3 Nb4 19. hxg6 Nxg6 20. Ne1 d4 21. Nc4 Bxc4
22. dxc4 Qxc4 23. Rf2 d3 24. Bd2 Nc2 25. Nxc2 dxc2 26. Qc1 Bf8 27. Bf1 Qe4 28.
Bg2 Qd4 29. Bc3 Qd1+ 30. Kh2 Qxg4 31. Qxc2 Nxf4 32. Rf3 Qxg2+ 33. Qxg2+ Nxg2
34. Kxg2 Rc4 35. a5 Bc5 36. b4 Bxb4 37. Bxb4 Rxb4 38. axb6 axb6 39. Ra7 Rf8 40.
Rg3+ Kh8 41. Rb7 Rb5 42. Kf2 Rxe5 43. Rxb6 Rf5+ 44. Ke3 Rg8 45. Rh3 Rfg5 46.
Kd4 Kg7 47. Rb7 h5 48. Ke4 0-1

[Event "2R-LV-P.D.- San Viator - Calasanz: 1'5-2'5"]
[Site "Bergara"]
[Date "2017.01.21"]
[Round "2.1"]
[White "Gallastegi De La Fuetne, Igor"]
[Black "Vara Del Bosque, Daniel"]
[Result "1/2-1/2"]
[WhiteElo "1769"]
[BlackElo "1575"]
[PlyCount "67"]
[EventDate "2017.01.14"]

1. e4 d6 2. Nc3 e5 3. f4 exf4 4. Nf3 g5 5. Bc4 Bg7 6. O-O Bg4 7. d3 Nd7 8. Qe1
h6 9. Kh1 Ne7 10. Ne2 Nc6 11. Neg1 Nde5 12. Bb3 Qd7 13. d4 Nxf3 14. gxf3 Bh5
15. c3 O-O-O 16. Ba4 d5 17. e5 Rhe8 18. Qd1 f6 19. exf6 Bxf6 20. Bd2 Re6 21. b4
Qd6 22. Bc2 Ne7 23. Bd3 Bg6 24. Qc2 Bxd3 25. Qxd3 Re8 26. Rae1 Qd7 27. Rxe6
Qxe6 28. Re1 Qf7 29. Nh3 Ng6 30. Qf5+ Kd8 31. Rxe8+ Kxe8 32. Qc8+ Bd8 33. Qxb7
Qe6 34. Ng1 1/2-1/2

[Event "2R-LV-P.D.- Easo - Sestao EDP (B): 4-0"]
[Site "Bergara"]
[Date "2017.01.21"]
[Round "2.2"]
[White "Beudaert, Xavier"]
[Black "Sanchez Rodriguez, Ramon"]
[Result "1-0"]
[WhiteElo "2275"]
[BlackElo "1871"]
[PlyCount "112"]
[EventDate "2017.01.14"]

1. e4 e6 2. d4 d5 3. e5 c5 4. c3 Nc6 5. Nf3 Qb6 6. a3 a5 7. Be2 f6 8. O-O Bd7
9. Re1 a4 10. Bd3 Na5 11. Nbd2 c4 12. Bc2 Nb3 13. Bxb3 axb3 14. exf6 gxf6 15.
Nf1 O-O-O 16. Bf4 Bd6 17. Bg3 Ne7 18. Nh4 Rdg8 19. Qf3 Rf8 20. Re2 e5 21. dxe5
fxe5 22. Qe3 Qxe3 23. Nxe3 Kc7 24. Rd1 Be6 25. Nf3 e4 26. Bxd6+ Kxd6 27. Nxc4+
Kc5 28. Ncd2 Bg4 29. h3 Bxf3 30. gxf3 Rhg8+ 31. Kh1 Rf4 32. fxe4 Ng6 33. Nxb3+
Kb6 34. exd5 Rf3 35. Re3 Rxf2 36. Rd2 Rf1+ 37. Kg2 Rgf8 38. Re4 R1f5 39. d6
Nf4+ 40. Kh2 Rh5 41. Re3 Nd5 42. Red3 Kc6 43. c4 Nb6 44. c5 Nd7 45. Nd4+ Kd5
46. b4 Ne5 47. Rg3 Ke4 48. d7 Nxd7 49. Ne6 Rf7 50. Ng5+ Rxg5 51. Rxg5 Ke3 52.
Rdg2 Rf1 53. Rg1 Rf2+ 54. R1g2 Rf1 55. R2g3+ Ke4 56. Rg1 Ra1 1-0

[Event "2R-LV-P.D.- Easo - Sestao EDP (B): 4-0"]
[Site "Bergara"]
[Date "2017.01.21"]
[Round "2.2"]
[White "Wu Martin, Eneko"]
[Black "Lakunza Oyarbide, Juan Carlos"]
[Result "0-1"]
[WhiteElo "2032"]
[BlackElo "2068"]
[PlyCount "34"]
[EventDate "2017.01.14"]

1. e4 e5 2. f4 exf4 3. Nf3 h6 4. Bc4 g5 5. O-O Bg7 6. d4 Ne7 7. b3 O-O 8. Bb2
Nbc6 9. Nc3 d6 10. Nxg5 Bxd4+ 11. Kh1 hxg5 12. Qh5 Kg7 13. Ne2 Bxb2 14. Nxf4
Ng6 15. Bxf7 Nge5 16. Rf3 Rh8 17. Raf1 gxf4 0-1

[Event "2R-LV-P.D.- Easo - Sestao EDP (B): 4-0"]
[Site "Bergara"]
[Date "2017.01.21"]
[Round "2.2"]
[White "Segovia Sanchez, Antonio"]
[Black "Estefano Rilova, Fernando"]
[Result "1-0"]
[WhiteElo "2053"]
[BlackElo "1861"]
[PlyCount "75"]
[EventDate "2017.01.14"]

1. d4 d6 2. Bf4 g6 3. e3 Bg7 4. Nf3 Nc6 5. Be2 Nf6 6. h3 O-O 7. O-O e5 8. Bh2
Ne4 9. c4 f5 10. Nc3 Nxc3 11. bxc3 e4 12. Nd2 Qe7 13. Qc2 Nd8 14. Rae1 Bh6 15.
Bd1 Nf7 16. f3 exf3 17. Nxf3 Re8 18. Kh1 b6 19. Bf4 g5 20. Bg3 g4 21. hxg4 fxg4
22. Nh4 Qe4 23. Qf2 Rf8 24. Bc2 Qe7 25. Nf5 Qe6 26. Bh4 Ng5 27. Nxh6+ Qxh6 28.
Qxf8+ Qxf8 29. Rxf8+ Kxf8 30. Bxg5 Kg7 31. Rf1 Ba6 32. Bd3 d5 33. Bf6+ Kh6 34.
Rf4 dxc4 35. Be4 Rg8 36. Kh2 Kh5 37. Kg3 c5 38. Rf1 1-0

[Event "2R-LV-P.D.- Easo - Sestao EDP (B): 4-0"]
[Site "Bergara"]
[Date "2017.01.21"]
[Round "2.2"]
[White "Svyatoslav, Vorobyev"]
[Black "Herasimovich, Volha"]
[Result "0-1"]
[WhiteElo "1839"]
[BlackElo "2098"]
[PlyCount "62"]
[EventDate "2017.01.14"]

1. e4 d5 2. exd5 Qxd5 3. Nc3 Qa5 4. d4 Nf6 5. Nf3 c6 6. Bd2 Bf5 7. Ne4 Qc7 8.
Nxf6+ gxf6 9. g3 e6 10. Bg2 Nd7 11. Bf4 Bd6 12. Bxd6 Qxd6 13. O-O O-O-O 14. c3
Bg4 15. b4 e5 16. Qa4 Nb6 17. Qxa7 Kc7 18. dxe5 fxe5 19. Qa5 Bxf3 20. Bxf3 Ra8
21. Qc5 Qxc5 22. bxc5 Na4 23. Bh5 f6 24. f4 e4 25. g4 Nxc5 26. Bf7 Ra5 27. Rac1
Rf8 28. Bb3 Re8 29. g5 f5 30. Rc2 Nxb3 31. axb3 Kb6 {(Ilegible)} 0-1

[Event "2R-LV-P.D.- Santa Ana S. XXI - Fomento Cultural: 4-0"]
[Site "Bergara"]
[Date "2017.01.21"]
[Round "2.3"]
[White "Sesma Rubio, Patxi"]
[Black "Alfaro Garcia Del Cerro, Juan"]
[Result "1-0"]
[WhiteElo "2165"]
[BlackElo "2038"]
[PlyCount "65"]
[EventDate "2017.01.14"]

1. d4 Nf6 2. Nf3 g6 3. Bf4 Bg7 4. Nc3 d5 5. Qd2 b6 6. Bh6 O-O 7. h4 Ne4 8. Nxe4
dxe4 9. Bxg7 Kxg7 10. Ng5 Bf5 11. f3 exf3 12. gxf3 h6 13. e4 hxg5 14. exf5 Rh8
15. fxg6 f6 16. O-O-O gxh4 17. Qf4 Qd6 18. Qe4 Nd7 19. Rxh4 Rxh4 20. Qxh4 Rh8
21. Qe4 c6 22. Re1 e5 23. Rd1 Nf8 24. dxe5 Qxe5 25. Qb4 Qc7 26. Bd3 Rh6 27. Qg4
Qe5 28. f4 Qe3+ 29. Kb1 Ne6 30. Bc4 Nf8 31. Rd7+ Nxd7 32. Qxd7+ Kxg6 33. Bf7+
1-0

[Event "2R-LV-P.D.- Santa Ana S. XXI - Fomento Cultural: 4-0"]
[Site "Bergara"]
[Date "2017.01.21"]
[Round "2.3"]
[White "Galarza Cenzano, Inigo"]
[Black "Roldan Marques, Daniel"]
[Result "0-1"]
[WhiteElo "2015"]
[BlackElo "2209"]
[PlyCount "138"]
[EventDate "2017.01.14"]

1. e4 e6 2. d3 d5 3. Nd2 Nf6 4. Ngf3 b6 5. exd5 exd5 6. g3 Nc6 7. Qe2+ Be7 8.
Bg2 O-O 9. O-O Re8 10. Qd1 Bd6 11. a3 h6 12. b4 Bg4 13. h3 Nd4 14. Bb2 Nxf3+
15. Nxf3 Bh5 16. Qd2 Bxf3 17. Bxf3 Be5 18. Bxe5 Rxe5 19. Rae1 Qd6 20. Rxe5 Qxe5
21. Re1 Qb2 22. Re7 Qxa3 23. Rxc7 Re8 24. Qf4 Qa2 25. Qf5 a5 26. Rc8 Qb1+ 27.
Kg2 Qxb4 28. Bxd5 Qe7 29. Bc6 Rxc8 30. Qxc8+ Kh7 31. Qf5+ g6 32. Qb5 Qc7 33. d4
Ng8 34. c4 Ne7 35. Be4 Qd6 36. d5 Kg7 37. Bf3 Qc7 38. Qb2+ Kg8 39. Qf6 Nf5 40.
Qc6 Qxc6 41. dxc6 Nd6 42. c5 bxc5 43. Bd5 Kf8 44. c7 Ke7 45. Bc6 Nc8 46. Kf3
Kd6 47. Be8 Kxc7 48. Bxf7 Ne7 49. Ke4 Kd6 50. Be8 Ke6 51. Kd3 Kd5 52. Bf7+ Kc6
53. Be8+ Kd5 54. Bf7+ Kd6 55. f4 a4 56. g4 g5 57. f5 Nc6 58. Ke4 a3 59. Bb3 Nb4
60. f6 Kd7 61. Kf5 Ke8 62. Kg6 Kf8 63. Kxh6 a2 64. Bxa2 Nxa2 65. Kxg5 c4 66.
Kh6 c3 67. g5 c2 68. g6 c1=Q+ 69. Kh7 Qg5 0-1

[Event "2R-LV-P.D.- Santa Ana S. XXI - Fomento Cultural: 4-0"]
[Site "Bergara"]
[Date "2017.01.21"]
[Round "2.3"]
[White "Ortin Blanco, Inigo"]
[Black "Alvarez Ponga, Hugo"]
[Result "1-0"]
[WhiteElo "2147"]
[BlackElo "2070"]
[PlyCount "97"]
[EventDate "2017.01.14"]

1. d4 e6 2. c4 Bb4+ 3. Bd2 c5 4. e3 Nf6 5. Bd3 O-O 6. Nf3 Nc6 7. O-O d5 8. Bc3
dxc4 9. Bxc4 a6 10. Bxb4 cxb4 11. Nbd2 Qe7 12. Qe2 b5 13. Bd3 Bb7 14. Ne4 Nxe4
15. Bxe4 Na5 16. Bxb7 Qxb7 17. Ne5 Rac8 18. Nd3 b3 19. axb3 Nxb3 20. Ra3 Qd5
21. Qd1 Nxd4 22. Nb4 Qg5 23. Qxd4 Rc4 24. Qd2 Rd8 25. Rd3 Rdc8 26. Rd1 h6 27.
b3 R4c5 28. Nxa6 R5c6 29. Nb4 Rc5 30. Rd8+ Kh7 31. Qd3+ f5 32. Rxc8 Rxc8 33.
Qxb5 Qg4 34. f3 Qg5 35. Qd3 Qf6 36. Qd4 Qg5 37. Qd2 Qh4 38. Qd4 Qg5 39. Qf4 Qf6
40. Qd4 Qg5 41. f4 Qg4 42. h3 Qe2 43. Qd3 Qb2 44. Rb1 Qa3 45. Nc2 Qa5 46. b4
Qa2 47. Nd4 Ra8 48. Qb3 Qd2 49. Rd1 1-0

[Event "2R-LV-P.D.- Santa Ana S. XXI - Fomento Cultural: 4-0"]
[Site "Bergara"]
[Date "2017.01.21"]
[Round "2.3"]
[White "Alvarado Fernandez, Mikel"]
[Black "Garrido Lasheras, David"]
[Result "0-1"]
[WhiteElo "1868"]
[BlackElo "2084"]
[PlyCount "80"]
[EventDate "2017.01.14"]

1. d4 b6 2. Nf3 Bb7 3. Bf4 e6 4. e3 Nf6 5. Nbd2 Be7 6. Be2 Nh5 7. Bg3 d6 8. O-O
Nxg3 9. hxg3 Nd7 10. c3 h5 11. e4 h4 12. g4 Nf6 13. Ng5 Ng8 14. Nh3 Nf6 15. Bd3
e5 16. Qe2 Nd7 17. f4 exf4 18. Rxf4 Bg5 19. Rf5 Bxd2 20. Qxd2 Qe7 21. Qe2 O-O-O
22. Ba6 Bxa6 23. Qxa6+ Kb8 24. Re1 Nf6 25. Qe2 Rde8 26. Qf3 Nxe4 27. Rxf7 Qe6
28. Rf4 Nd2 29. Rxe6 Nxf3+ 30. gxf3 Rxe6 31. g5 Re2 32. Rf7 Rxb2 33. Re7 Rxa2
34. f4 g6 35. Re6 a5 36. f5 gxf5 37. g6 Rg8 38. Nf4 a4 39. Re7 a3 40. g7 Rb2
0-1

[Event "2R-LV-P.D.- Orvina (B) - Urnieta: 1'5-2'5"]
[Site "Bergara"]
[Date "2017.01.21"]
[Round "2.4"]
[White "Jimenez Martin, Gustavo"]
[Black "Aguirre Canflanca, Josu"]
[Result "1/2-1/2"]
[WhiteElo "2152"]
[BlackElo "2199"]
[PlyCount "101"]
[EventDate "2017.01.14"]

1. d4 e6 2. f4 Nf6 3. Nf3 b6 4. e3 Bb7 5. Bd3 g6 6. Nbd2 Bg7 7. O-O d5 8. b3
O-O 9. Bb2 c5 10. Ne5 Nc6 11. Ndf3 Nb4 12. Be2 Ne4 13. a3 Nc6 14. Nd2 Nd6 15.
Ndf3 Ne7 16. Bd3 Rc8 17. c3 f6 18. Ng4 c4 19. Bc2 cxb3 20. Bxb3 Nef5 21. Qe2
Kh8 22. Nd2 Qd7 23. Nf2 Nc4 24. Nxc4 dxc4 25. Bc2 Nd6 26. e4 f5 27. a4 Rfe8 28.
a5 b5 29. Ba3 a6 30. Rad1 Nf7 31. Nh3 Bf6 32. Rfe1 fxe4 33. Bxe4 Bd5 34. Nf2
Bd8 35. Bxd5 Qxd5 36. Ne4 Rc6 37. Bb4 Nh6 38. Qf2 Ng4 39. Qg3 Nf6 40. Ng5 Qd7
41. Qf3 Nd5 42. Re2 Bxg5 43. fxg5 Kg8 44. Rf2 Rc7 45. Bc5 Qg7 46. Rdf1 Rd7 47.
Qg3 Rdd8 48. Bd6 Qb7 49. Be5 Rf8 50. Qh3 Qd7 51. Qg3 1/2-1/2

[Event "2R-LV-P.D.- Orvina (B) - Urnieta: 1'5-2'5"]
[Site "Bergara"]
[Date "2017.01.21"]
[Round "2.4"]
[White "Ortega Fuentes, Luis Angel"]
[Black "Mombiela Martinez, Gonzalo"]
[Result "1/2-1/2"]
[WhiteElo "2136"]
[BlackElo "2131"]
[PlyCount "131"]
[EventDate "2017.01.14"]

1. Nf3 d5 2. c4 e6 3. b3 f5 4. Bb2 Nf6 5. g3 Bd6 6. Bg2 O-O 7. O-O c6 8. d3 Qe7
9. Nc3 e5 10. cxd5 Nxd5 11. Nd2 Nxc3 12. Bxc3 Be6 13. Nc4 Nd7 14. Nxd6 Qxd6 15.
Qd2 Rad8 16. Rfd1 Rf7 17. Qe3 b6 18. b4 Bd5 19. a4 f4 20. Qd2 Bxg2 21. Kxg2
Qd5+ 22. f3 h5 23. Qa2 Nf6 24. Qxd5 Nxd5 25. Bd2 g5 26. Rac1 Rd6 27. Rc4 Kh7
28. Re4 Re7 29. Kf2 Ree6 30. Rc4 Kg6 31. Rg1 Kf5 32. h3 Rh6 33. g4+ hxg4 34.
hxg4+ Ke6 35. Kg2 Kd7 36. Rh1 Rxh1 37. Kxh1 Rh6+ 38. Kg1 Kd6 39. d4 exd4 40.
Rxd4 Re6 41. Kf2 c5 42. bxc5+ bxc5 43. Rc4 Kc6 44. Rc1 Nb6 45. e3 Nxa4 46. exf4
gxf4 47. Bxf4 Nb2 48. Ra1 Nd3+ 49. Kg3 Re7 50. Bd2 Kd5 51. g5 Ke5 52. Ra3 Rd7
53. Ra6 Nb4 54. Bf4+ Kd5 55. Ra1 Nd3 56. Bd2 Rg7 57. f4 Ke4 58. Ra4+ Kf5 59.
Ra6 Rf7 60. Rd6 c4 61. Rc6 Rd7 62. Rxc4 Ne5 63. fxe5 Rxd2 64. Ra4 Kxg5 65. Kf3
Kf5 66. Rxa7 1/2-1/2

[Event "2R-LV-P.D.- Orvina (B) - Urnieta: 1'5-2'5"]
[Site "Bergara"]
[Date "2017.01.21"]
[Round "2.4"]
[White "Sevilla Subiza, Javier"]
[Black "Manso Marquez, Felix"]
[Result "1/2-1/2"]
[WhiteElo "2088"]
[BlackElo "2086"]
[PlyCount "61"]
[EventDate "2017.01.14"]

1. d4 e6 2. c4 Bb4+ 3. Bd2 Qe7 4. e4 Nf6 5. Bd3 d5 6. Qa4+ Nc6 7. e5 Ne4 8.
Bxe4 dxe4 9. Ne2 Bd7 10. Qc2 Bxd2+ 11. Nxd2 Nb4 12. Qb3 Nd3+ 13. Kf1 Qh4 14.
Ng3 f5 15. exf6 O-O-O 16. Ngxe4 Nf4 17. Qg3 Qh6 18. Ng5 Qxf6 19. Nge4 Qf5 20.
Qg5 Bc6 21. d5 Qxg5 22. Nxg5 exd5 23. Nf7 dxc4 24. Nf3 Rdf8 25. Nxh8 Nxg2 26.
Ne5 Ne3+ 27. Ke2 Bxh1 28. Rxh1 Rf5 29. fxe3 Rxe5 30. Rf1 b5 31. b3 1/2-1/2

[Event "2R-LV-P.D.- Orvina (B) - Urnieta: 1'5-2'5"]
[Site "Bergara"]
[Date "2017.01.21"]
[Round "2.4"]
[White "Corral Sierra, Javier"]
[Black "Monje Peinado, Roberto"]
[Result "1-0"]
[WhiteElo "2050"]
[BlackElo "2056"]
[PlyCount "68"]
[EventDate "2017.01.14"]

1. e4 c5 2. b3 b6 3. Nf3 Bb7 4. Nc3 Nc6 5. Bb2 Nd4 6. Bd3 Nf6 7. O-O e6 8. Re1
Nxf3+ 9. Qxf3 Be7 10. Qg3 O-O 11. e5 Ne8 12. Ne4 g6 13. Qh3 Bxe4 14. Bxe4 Rc8
15. c4 f6 16. d4 cxd4 17. Bxd4 fxe5 18. Bxe5 Bf6 19. Bxf6 Qxf6 20. Qg3 Rc5 21.
Rad1 Rg5 22. Qe3 Re5 23. Qd2 Nd6 24. Bf3 Rxe1+ 25. Rxe1 Nf5 26. Rd1 d5 27. Bg4
e5 28. Bxf5 Qxf5 29. Qxd5+ Kg7 30. f3 Re8 31. b4 Qf7 32. c5 bxc5 33. bxc5 Qxd5
34. Rxd5 Kf7 {(Ilegible)} 1-0

[Event "2R-LV-P.D.- Portugalete - Egidazu/B. Gorbea: 2'5-1'5"]
[Site "Bergara"]
[Date "2017.01.21"]
[Round "2.5"]
[White "Perez Fernandez, Modesto"]
[Black "Ladron De Guevara Galar, Fco J"]
[Result "1/2-1/2"]
[WhiteElo "2094"]
[BlackElo "2148"]
[PlyCount "56"]
[EventDate "2017.01.14"]

1. e4 e5 2. Nf3 Nc6 3. Bb5 a6 4. Bxc6 dxc6 5. O-O Qf6 6. d4 exd4 7. Bg5 Qd6 8.
Nxd4 Be7 9. Be3 Nf6 10. f3 O-O 11. Nc3 c5 12. Nde2 Be6 13. Nf4 Bc4 14. Re1 Rad8
15. Qxd6 Bxd6 16. Rad1 Be5 17. a3 h6 18. Kf2 g5 19. Nfe2 g4 20. Ng3 h5 21. Nf5
Kh7 22. Bg5 Rxd1 23. Rxd1 b6 24. Ne7 Re8 25. Nc6 Kg6 26. Bh4 gxf3 27. gxf3 Bd6
28. Bxf6 Kxf6 {(Ilegible)} 1/2-1/2

[Event "2R-LV-P.D.- Portugalete - Egidazu/B. Gorbea: 2'5-1'5"]
[Site "Bergara"]
[Date "2017.01.21"]
[Round "2.5"]
[White "Arce Balluerca, Jorge"]
[Black "Ayesta Perojo, Enrique"]
[Result "0-1"]
[WhiteElo "2018"]
[BlackElo "2053"]
[PlyCount "140"]
[EventDate "2017.01.14"]

1. e4 d5 2. exd5 Qxd5 3. Nc3 Qd6 4. d4 Nf6 5. Nf3 g6 6. Bc4 Bg7 7. h3 O-O 8.
O-O a6 9. a4 Nc6 10. Be3 Bf5 11. Qe2 Nb4 12. Bb3 c6 13. a5 Nbd5 14. Nxd5 cxd5
15. Ne5 Nd7 16. Nd3 Bxd3 17. Qxd3 Nb8 18. c4 dxc4 19. Qxc4 Nc6 20. Rfd1 Rac8
21. Qd3 e6 22. Qe4 Qb4 23. Ra3 Rfd8 24. Bg5 Rxd4 25. Qe2 Rxd1+ 26. Qxd1 Nd4 27.
Bd2 Qb5 28. Ba4 Qxb2 29. Rd3 Nc6 30. Rd7 Ne5 31. Rd6 Nc4 32. Bc1 Qf6 33. Rd7
Nxa5 34. Ba3 h5 35. Kh2 Nc6 36. Rxb7 Qf4+ 37. Kg1 Bd4 38. Qe2 Qe5 39. Qf3 Nd8
40. Rd7 Qe1+ 41. Kh2 Bxf2 42. Rd1 Qe5+ 43. Kh1 Qg3 44. Qf6 Qxa3 45. Rxd8+ Rxd8
46. Qxd8+ Kg7 47. Qd1 Qc5 48. Qc2 Qd4 49. g4 Qd5+ 50. Kh2 Qe5+ 51. Kg2 Qg3+ 52.
Kf1 hxg4 53. Qxf2 Qxf2+ 54. Kxf2 gxh3 55. Kg3 f5 56. Kxh3 Kf6 57. Kg3 g5 58.
Kf3 Ke5 59. Bd7 a5 60. Ke3 g4 61. Kf2 Kd6 62. Ba4 e5 63. Ke3 Kc5 64. Bd7 f4+
65. Ke4 g3 66. Bh3 Kc4 67. Bg2 a4 68. Kxe5 a3 69. Be4 a2 70. Bd5+ Kc3 0-1

[Event "2R-LV-P.D.- Portugalete - Egidazu/B. Gorbea: 2'5-1'5"]
[Site "Bergara"]
[Date "2017.01.21"]
[Round "2.5"]
[White "Zabala Perez, Aritz"]
[Black "Landa Ceballos, Jose A"]
[Result "1/2-1/2"]
[WhiteElo "2015"]
[BlackElo "2021"]
[PlyCount "62"]
[EventDate "2017.01.14"]

1. Nf3 g6 2. d4 Bg7 3. g3 c5 4. e3 d5 5. Bg2 Nc6 6. O-O cxd4 7. exd4 Bg4 8. c3
Qd7 9. Re1 Nf6 10. Bf4 O-O 11. Qc1 Rac8 12. Ne5 Nxe5 13. Bxe5 Bh3 14. Bh1 Qf5
15. Qf4 Qh5 16. Bxf6 Bxf6 17. Bf3 Qf5 18. Qxf5 Bxf5 19. Bxd5 Bxb1 20. Raxb1 b5
21. a3 a5 22. Re3 b4 23. axb4 axb4 24. Kf1 Rc7 25. Ra1 Rb8 26. Ra8 Rxa8 27.
Bxa8 Ra7 28. Bd5 Ra1+ 29. Kg2 Rb1 30. Re2 Rc1 31. cxb4 e6 1/2-1/2

[Event "3R-LV-P.D.- Calasanz - Egidazu/B. Gorbea: 3'5-0'5"]
[Site "Bergara"]
[Date "2017.01.28"]
[Round "3.1"]
[White "Garcia Gomez, Pio Jesus"]
[Black "Ladron De Guevara Galar, Fco J"]
[Result "1-0"]
[WhiteElo "2247"]
[BlackElo "2148"]
[PlyCount "35"]
[EventDate "2017.01.14"]

1. e4 e5 2. Nf3 Nc6 3. Bc4 Nf6 4. Nc3 Nxe4 5. Bxf7+ Kxf7 6. Nxe4 d5 7. Neg5+
Kg8 8. d4 h6 9. Nh3 Bg4 10. dxe5 Nxe5 11. Nf4 c6 12. Qd4 Nxf3+ 13. gxf3 Bxf3
14. Rg1 Qe7+ 15. Be3 c5 16. Qd3 c4 17. Qc3 Qb4 18. Rxg7+ 1-0

[Event "3R-LV-P.D.- Calasanz - Egidazu/B. Gorbea: 3'5-0'5"]
[Site "Bergara"]
[Date "2017.01.28"]
[Round "3.1"]
[White "Arce Balluerca, Jorge"]
[Black "Pastor Pons, Carlos Luis"]
[Result "1/2-1/2"]
[WhiteElo "2018"]
[BlackElo "2147"]
[PlyCount "42"]
[EventDate "2017.01.14"]

1. Nf3 Nf6 2. g3 g6 3. Bg2 Bg7 4. d4 d6 5. c4 O-O 6. Nc3 c6 7. O-O Qa5 8. d5
cxd5 9. cxd5 b5 10. Nd4 b4 11. Nb1 Bb7 12. e4 Na6 13. Be3 Nc5 14. Nd2 Rfc8 15.
N2b3 Nxb3 16. axb3 Qd8 17. f3 Nd7 18. Bh3 a5 19. Qd2 Rcb8 20. Rfc1 Nc5 21. Qc2
Qb6 1/2-1/2

[Event "3R-LV-P.D.- Calasanz - Egidazu/B. Gorbea: 3'5-0'5"]
[Site "Bergara"]
[Date "2017.01.28"]
[Round "3.1"]
[White "Ochoa De Eribe Martinez, Danie"]
[Black "Landa Ceballos, Jose A"]
[Result "1-0"]
[WhiteElo "2074"]
[BlackElo "2021"]
[PlyCount "42"]
[EventDate "2017.01.14"]

1. e4 e6 2. d4 d5 3. Nd2 dxe4 4. Nxe4 Nf6 5. Nxf6+ gxf6 6. Nf3 b6 7. Bb5+ c6 8.
Bc4 Qc7 9. Qe2 Bb7 10. Bd2 Nd7 11. O-O-O O-O-O 12. Kb1 Bd6 13. Bc1 c5 14. d5
Rhe8 15. dxe6 fxe6 16. Rhe1 Kb8 17. Bxe6 Nf8 18. Qc4 b5 19. Qg4 Nxe6 20. Rxe6
Qc8 21. Rxe8 Qxg4 1-0

[Event "3R-LV-P.D.- Sestao EDP (B) - Santa Ana Siglo XXI: 1-3"]
[Site "Bergara"]
[Date "2017.01.28"]
[Round "3.4"]
[White "Sanchez Rodriguez, Ramon"]
[Black "Sesma Rubio, Patxi"]
[Result "1-0"]
[WhiteElo "1871"]
[BlackElo "2165"]
[PlyCount "111"]
[EventDate "2017.01.14"]

1. Nf3 Nf6 2. g3 Nc6 3. d4 e6 4. Bg2 d6 5. O-O Be7 6. Nbd2 O-O 7. b3 Re8 8. Bb2
Bf8 9. e4 d5 10. e5 Nd7 11. Ne1 b6 12. f4 Ne7 13. g4 f5 14. h3 c5 15. Nd3 Ba6
16. Rf3 Rc8 17. c3 Ng6 18. Nf1 Nh4 19. Rg3 cxd4 20. cxd4 Be7 21. Ne3 Rf8 22.
gxf5 Nxf5 23. Nxf5 Rxf5 24. Qg4 Qf8 25. Rc1 Rxc1+ 26. Bxc1 Qf7 27. Bf1 Nf8 28.
Be2 h5 29. Qf3 Bh4 30. Rg2 Qc7 31. Qe3 Qc3 32. Bd2 Qa1+ 33. Nc1 Bxe2 34. Qxe2
Qxd4+ 35. Be3 Qe4 36. Qd2 Be7 37. Nd3 Kh7 38. Kh2 d4 39. Bg1 Ng6 40. Re2 Qd5
41. Bf2 Bh4 42. Bxh4 Nxh4 43. Kg3 Ng6 44. Rf2 a5 45. Rf3 Ne7 46. Ne1 Rf7 47.
Rd3 Nf5+ 48. Kf2 Qh1 49. Nf3 Rc7 50. Nxd4 Qh2+ 51. Kf3 Qxh3+ 52. Ke4 Ng3+ 53.
Rxg3 Qxg3 54. Nxe6 Rc3 55. Ng5+ Kh6 56. Qd6+ 1-0

[Event "3R-LV-P.D.- Sestao EDP (B) - Santa Ana Siglo XXI: 1-3"]
[Site "Bergara"]
[Date "2017.01.28"]
[Round "3.4"]
[White "Roldan Marques, Daniel"]
[Black "Wu Martin, Eneko"]
[Result "1-0"]
[WhiteElo "2209"]
[BlackElo "2032"]
[PlyCount "43"]
[EventDate "2017.01.14"]

1. d4 Nf6 2. c4 e5 3. dxe5 Ng4 4. Nf3 Nc6 5. b3 Bb4+ 6. Bd2 Qe7 7. Nc3 Ncxe5 8.
e3 Qf6 9. Rc1 b6 10. h3 Bb7 11. hxg4 Bxf3 12. gxf3 Nxf3+ 13. Ke2 Ne5 14. Bg2
Nxg4 15. Ne4 Qe7 16. Bxb4 Qxb4 17. Nd6+ cxd6 18. Bxa8 O-O 19. Qd4 Nxf2 20. Rcg1
g6 21. Kxf2 Rxa8 22. Rxh7 1-0

[Event "3R-LV-P.D.- Sestao EDP (B) - Santa Ana Siglo XXI: 1-3"]
[Site "Bergara"]
[Date "2017.01.28"]
[Round "3.4"]
[White "Estefano Rilova, Fernando"]
[Black "Ortin Blanco, Inigo"]
[Result "0-1"]
[WhiteElo "1861"]
[BlackElo "2147"]
[PlyCount "120"]
[EventDate "2017.01.14"]

1. e4 e5 2. Nf3 Nc6 3. Nc3 Nf6 4. d4 exd4 5. Nxd4 Bb4 6. Nxc6 bxc6 7. Bd3 d5 8.
exd5 cxd5 9. O-O O-O 10. Bg5 c6 11. Qf3 h6 12. Bxf6 Qxf6 13. Qxf6 gxf6 14. Ne2
Bd6 15. Nd4 c5 16. Nf5 Bxf5 17. Bxf5 Be5 18. Rad1 Rfd8 19. c3 Rab8 20. f4 Bc7
21. b3 d4 22. cxd4 Rxd4 23. Rxd4 cxd4 24. g3 Re8 25. Bd3 Re3 26. Rd1 Ba5 27.
Kf2 Bc3 28. Bc4 Kg7 29. Be2 Kf8 30. Bd3 Ke7 31. Bc4 Kf8 32. Bd3 Ke8 33. Bc4 h5
34. Rd3 Re7 35. Rd1 Kd7 36. Be2 h4 37. Rd3 hxg3+ 38. hxg3 Kd6 39. Bd1 Kc5 40.
a4 Kb4 41. Kf3 f5 42. g4 fxg4+ 43. Kxg4 Ka3 44. Kf5 Kb2 45. Kf6 Re3 46. Rxe3
dxe3+ 47. Kxf7 Kc1 48. Bf3 Kd2 49. Ke6 e2 50. Bxe2 Kxe2 51. Kd5 Kd3 52. Kc5 a5
53. f5 Ke4 54. Kc4 Bb4 55. f6 Ke5 56. f7 Ke6 57. f8=Q Bxf8 58. Kc3 Kd5 59. Kd3
Kc5 60. Kc3 Bg7+ 0-1

[Event "3R-LV-P.D.- Sestao EDP (B) - Santa Ana Siglo XXI: 1-3"]
[Site "Bergara"]
[Date "2017.01.28"]
[Round "3.4"]
[White "Laguardia Ortega, Moises"]
[Black "Oriza De Castro, Inigo"]
[Result "1-0"]
[WhiteElo "2025"]
[BlackElo "1748"]
[PlyCount "47"]
[EventDate "2017.01.14"]

1. e4 d6 2. d4 Nf6 3. Nc3 g6 4. f4 Bg7 5. Nf3 O-O 6. e5 dxe5 7. fxe5 Nd5 8. Bc4
c6 9. O-O Bf5 10. Bb3 Na6 11. Qe1 Nxc3 12. bxc3 Nc7 13. Qh4 e6 14. Bg5 f6 15.
exf6 Bxf6 16. g4 Be4 17. Bxf6 Qxf6 18. Ng5 Qe7 19. Qh6 Bd5 20. c4 Rae8 21. cxd5
exd5 22. Rae1 Rxf1+ 23. Rxf1 b5 24. c3 1-0